00473nam a2200157Ia 4500008004100000040001800041041000800059100002100067245004300088250001200131260004500143300001800188500006500206650001800271650002600289130821s1947 mx gr spa  aCo-BoUCMbspa aspa1 aMarchiori, Hilda10aPsicología criminalcHilda Marchiori a2a. ed. aMéxico D.F. (México)bPorrúac1947 a237 páginas aEjemplar 2: disponible en 24 horas a partir de la solicitud.04aDerecho penal04aPsicología criminal